Procesný prístup v manažmente podniku bakalárska práca

Uložené v:
Podrobná bibliografia
Hlavný autor: Minková, Nikola
Korporativný autor: Fakulta podnikového manažmentu EU. Katedra manažmentu
Ďalší autori: Papulová, Emília
Médium: Kniha
Jazyk:Slovak
Vydavateľské údaje: Bratislava 2015
Tagy: Pridať tag
Žiadne tagy, Buďte prvý, kto otaguje tento záznam!

MARC

LEADER 00000nbm a2200000 4500
001 0202857
005 20170315090447.3
041 0 |a slo 
044 |a SK 
245 1 0 |a Procesný prístup v manažmente podniku  |b bakalárska práca  |c Nikola Minková ; školiteľ: Emília Papulová 
264 1 |a Bratislava  |c 2015 
300 |a 78 s. 
100 1 |a Minková, Nikola 
700 1 |a Papulová, Emília 
710 2 |a Fakulta podnikového manažmentu EU. Katedra manažmentu